| 000 | 00326nam a2200097Ia 4500 | ||
|---|---|---|---|
| 008 | 180205s9999 xx 000 0 und d | ||
| 100 | _aVillar, Imelda V.G | ||
| 245 | _aImplementing a comprehensive guidance and counseling program in Philippines / | ||
| 260 |
_aMakati City _bAligned transformation _c2007 |
||
| 300 | _ai, 235 pages | ||
| 999 |
_c354764 _d354764 |
||